Soccer quiz (Easier) - Statistics

General Stats
  • This quiz has been taken 52 times
  • The average score is 4 of 5
Answer Stats
Question Answer % Correct
In 2018 who won the World Cup? France
98%
Who signed with Inter-Miami in 2023 Lionel Messi
98%
What team in the premier league has a Hammer in their logo? West ham
93%
Russia hosted the World Cup in? 2018
86%
Who plays for the Australia team, that scored in clutch moments? Sam Kerr
24%
No matching quizzes found
Score Distribution
Percent of People with Each Score
Percentile by Number Answered
Your Score History
You have not taken this quiz